[Event "GRE-ch U12"]
[Site "Thessaloniki"]
[Date "2022.08.21"]
[Round "6"]
[White "Gerasopoulos, Nikolaos"]
[Black "Zavrakidis, Nikolaos"]
[Result "1/2-1/2"]
[WhiteElo "1538"]
[BlackElo "1648"]
[PlyCount "106"]
[EventDate "2022.08.18"]
[EventType "swiss"]
[EventRounds "9"]
[EventCountry "GRE"]
[SourceTitle "EXT 2023"]
[Source "ChessBase"]
[SourceDate "2022.10.05"]
[SourceVersion "1"]
[SourceVersionDate "2022.10.05"]
[SourceQuality "1"]

1. e4 c5 2. Nf3 d6 3. c3 Nc6 4. Be2 Nf6 5. d4 cxd4 6. cxd4 g6 7. 0-0 Bg7 8. h3 0-0 9. Nc3 Bd7 10. Be3 a6 11. Rc1 Qa5 12. e5 Ne8 13. e6 fxe6 14. d5 Ne5 15. Qb3 b5 16. dxe6 Bc6 17. Nd5 Bxd5 18. Qxd5 Qd8 19. Nxe5 dxe5 20. Qc6 Nd6 21. Rfd1 Qe8 22. Qb6 Nf5 23. Bc5 Nd4 24. Bxd4 exd4 25. Bf3 Qb8 26. Bb7 Be5 27. Qc6 Ra7 28. Bxa6 Qd6 29. Qxd6 Bxd6 30. Rc6 Be5 31. a3 Rb8 32. Rd3 b4 33. a4 Kg7 34. g3 g5 35. Bb5 h6 36. Rc5 Bd6 37. Rc4 Kf6 38. Rcxd4 Rc7 39. Bc4 Rc5 40. b3 h5 41. Rd5 Rxd5 42. Rxd5 Be5 43. a5 Kxe6 44. f4 gxf4 45. gxf4 Bxf4 46. Rxh5+ Kf6 47. Rd5 Bd6 48. Kf1 Rc8 49. Ke2 Rh8 50. a6 Rxh3 51. a7 Rh2+ 52. Kf1 Ra2 53. Rd3 Ke5 1/2-1/2

[Event "GRE-ch U12 Attiki"]
[Site "Peristeri"]
[Date "2022.06.30"]
[Round "7"]
[White "Zavrakidis, Nikolaos"]
[Black "Vassis, Michail"]
[Result "1/2-1/2"]
[WhiteElo "1481"]
[BlackElo "1782"]
[PlyCount "36"]
[EventDate "2022.06.24"]
[EventType "swiss"]
[EventRounds "7"]
[EventCountry "GRE"]
[SourceTitle "EXT 2023"]
[Source "ChessBase"]
[SourceDate "2022.10.05"]
[SourceVersion "1"]
[SourceVersionDate "2022.10.05"]
[SourceQuality "1"]

1. d4 Nf6 2. Bf4 g6 3. e3 Bg7 4. Nf3 0-0 5. Be2 d6 6. h3 Nbd7 7. 0-0 b6 8. c4 Bb7 9. Nc3 Re8 10. Rc1 a6 11. b4 e5 12. Bh2 Qe7 13. Qb3 a5 14. c5 Rab8 15. cxd6 cxd6 16. Nb5 Bd5 17. Qa3 axb4 18. Qxb4 Bf8 1/2-1/2

[Event "GRE-ch U12 Attiki"]
[Site "Peristeri"]
[Date "2022.06.29"]
[Round "6"]
[White "Zavrakidis, Nikolaos"]
[Black "Misthos, Alexandros"]
[Result "1-0"]
[WhiteElo "1481"]
[BlackElo "1427"]
[PlyCount "133"]
[EventDate "2022.06.24"]
[EventType "swiss"]
[EventRounds "7"]
[EventCountry "GRE"]
[SourceTitle "EXT 2023"]
[Source "ChessBase"]
[SourceDate "2022.10.05"]
[SourceVersion "1"]
[SourceVersionDate "2022.10.05"]
[SourceQuality "1"]

1. d4 Nf6 2. Bf4 c5 3. e3 cxd4 4. exd4 Qb6 5. Nc3 a6 6. Rb1 e6 7. Nf3 d5 8. Bd3 Bd6 9. Be5 Nbd7 10. 0-0 0-0 11. Re1 h6 12. Bxd6 Qxd6 13. Ne5 b5 14. Re3 Bb7 15. f4 b4 16. Ne2 Ne4 17. c4 f5 18. c5 Qc7 19. Bxe4 dxe4 20. Qb3 Bd5 21. Qxb4 Nxe5 22. dxe5 Bxa2 23. Rc1 Bd5 24. Nd4 Rab8 25. Qa3 a5 26. Rec3 Rb4 27. Nc2 Rfb8 28. c6 Kf7 29. Rc5 R4b5 30. Nd4 Rxc5 31. Qxc5 Ke8 32. h3 g6 33. Kh2 g5 34. Qd6 Rc8 35. Nb5 Qd8 36. c7 Qd7 37. Na7 gxf4 38. Nxc8 Qxc8 39. Rc5 Bb7 40. g3 f3 41. Qd2 f2 42. Qxf2 Kd7 43. Qd2+ Ke7 44. Qxh6 Qg8 45. Qf6+ Kd7 46. Qd8+ Qxd8 47. cxd8Q+ Kxd8 48. Kg1 a4 49. Kf2 Bd5 50. Ke3 Kd7 51. g4 fxg4 52. hxg4 Ke7 53. Ra5 Kf7 54. Rxa4 Kg6 55. Rxe4 Bxe4 56. Kxe4 Kg5 57. b4 Kxg4 58. b5 Kg5 59. b6 Kg6 60. b7 Kf7 61. b8Q Kg7 62. Qe8 Kh7 63. Qf7+ Kh8 64. Qe7 Kg8 65. Kf4 Kh8 66. Kg5 Kg8 67. Kh6 1-0

[Event "GRE-ch U12 Attiki"]
[Site "Peristeri"]
[Date "2022.06.28"]
[Round "5"]
[White "Armaos, Michail"]
[Black "Zavrakidis, Nikolaos"]
[Result "1/2-1/2"]
[WhiteElo "1184"]
[BlackElo "1481"]
[PlyCount "65"]
[EventDate "2022.06.24"]
[EventType "swiss"]
[EventRounds "7"]
[EventCountry "GRE"]
[SourceTitle "EXT 2023"]
[Source "ChessBase"]
[SourceDate "2022.10.05"]
[SourceVersion "1"]
[SourceVersionDate "2022.10.05"]
[SourceQuality "1"]

1. d4 d5 2. c4 e6 3. Nc3 Nf6 4. cxd5 exd5 5. Bg5 Be7 6. e3 0-0 7. Bd3 Nbd7 8. Qc2 b6 9. Nf3 Bb7 10. 0-0 Rc8 11. Bf5 g6 12. Bh3 c5 13. Qd2 cxd4 14. Nxd4 Ne4 15. Nxe4 dxe4 16. Bh6 Re8 17. Ne6 fxe6 18. Bxe6+ Kh8 19. Qxd7 Rc7 20. Qxd8 Bxd8 21. Bb3 Bf6 22. Bf4 Rcc8 23. Rfd1 Bxb2 24. Rab1 Be5 25. Bxe5+ Rxe5 26. Rd7 Rec5 27. h3 R8c7 28. Rd8+ Kg7 29. Rbd1 a5 30. R8d7+ Kh6 31. R7d6 b5 32. Bd5 Bxd5 33. R6xd5 1/2-1/2